|
|
|
|
| LEADER |
02526nam a22003497a 4500 |
| 001 |
37621 |
| 003 |
BD-DhAAL |
| 005 |
20251120104311.0 |
| 008 |
220116t2021 bg ad||| |||| 00| 0deng d |
| 020 |
|
|
|a 9789849491712
|
| 040 |
|
|
|a BD-DhAAL
|c BD-DhAAL
|
| 082 |
|
|
|a 338.95492
|
| 245 |
|
|
|a Readings in Bangladesh development.
|n Volume ll /
|c edited by K. A. S. Murshid, Minhaj Mahmud and Kazi Iqbal.
|
| 260 |
|
|
|a Dhaka, Bangladesh :
|b Bangladesh Institute of Development Studies (BDS),
|c 2021.
|
| 300 |
|
|
|a lvi, 810 pages :
|b illustrations ;
|c 23 cm
|
| 362 |
|
|
|a Vol. 2
|
| 500 |
|
|
|a Commemorating the bangabandhu birth centenary
|
| 504 |
|
|
|a Includes bibliographical references.
|
| 541 |
|
|
|a Complimentary copy from Bangladesh Institute of Development Studies ; Donated by Akbar Ali Khan ; Complimentary copy from Dr. Salehuddin, Professor, BRAC Business School, BRAC University ; Donated by Dr. Mustafa Rafat Zaman, Assistant Professor, Department of Economics and Social Sciences (ESS), BRAC University
|e 37621, 38452, 41511, 44600
|
| 650 |
|
|
|a Bangladesh
|x Economic policy.
|9 44999
|
| 651 |
|
|
|a Bangladesh
|x Economic development.
|9 59066
|
| 700 |
|
|
|a Murshid, K. A. S.
|9 45000
|
| 700 |
|
|
|a Mahmud, Minhaj.
|9 45001
|
| 700 |
|
|
|a Iqbal, Kazi.
|9 45002
|
| 710 |
|
|
|a Bangladesh Institute of Development Studies (BDS)
|9 45021
|
| 852 |
|
|
|a Ayesha Abed Library
|c General Stacks
|
| 942 |
|
|
|2 ddc
|c BK
|
| 999 |
|
|
|c 43437
|d 43437
|
| 952 |
|
|
|0 0
|1 0
|2 ddc
|4 0
|6 338_954920000000000_REA
|7 0
|9 69703
|a BRACUL
|b BRACUL
|c GEN
|d 2022-01-16
|e Complimentary copy from Bangladesh Institute of Development Studies.
|l 0
|o 338.95492 REA
|p 3010037621
|r 2022-01-16
|t 1
|w 2022-01-16
|y BK
|
| 952 |
|
|
|0 0
|1 0
|2 ddc
|4 0
|6 338_954920000000000_REA
|7 1
|9 70522
|a BRACUL
|b BRACUL
|c CS1
|d 2022-04-19
|e Donated by Akbar Ali Khan
|l 0
|o 338.95492 REA
|p 3010038452
|r 2022-04-19
|t 2
|w 2022-04-19
|y BK
|
| 952 |
|
|
|0 0
|1 0
|2 ddc
|4 0
|6 338_954920000000000_REA
|7 0
|9 74146
|a BRACUL
|b BRACUL
|c GEN
|d 2023-07-31
|e Complimentary copy from Dr. Salehuddin Ahmed, Professor, BBS, BRAC University.
|g 1000.00
|l 0
|o 338.95492 REA
|p 3010041514
|r 2023-07-31
|t 3
|w 2023-07-31
|y BK
|x Price available in book.
|
| 952 |
|
|
|0 0
|1 0
|2 ddc
|4 0
|6 338_954920000000000_REA
|7 0
|9 78020
|a BRACUL
|b BRACUL
|c GEN
|d 2025-08-14
|e Donated by Dr. Mustafa Rafat Zaman, Assistant Professor, Department of Economics and Social Sciences (ESS), BRAC University
|g 1000.00
|l 0
|o 338.95492 REA
|p 3010044600
|r 2025-08-14
|t 4
|v 2000.00
|w 2025-08-14
|y BK
|x Donated by Dr. Mustafa Rafat Zaman, Assistant Professor, Department of Economics and Social Sciences (ESS), BRAC University
|